| 000 | 00807cam a2200301 4500 | ||
|---|---|---|---|
| 001 | |||
| 008 | 000000s1998 000 0 eng u | ||
| 020 | _a1860812236 | ||
| 035 | _a(Sirsi) u111906 | ||
| 050 | _a615.925716 SCI | ||
| 100 | _aScivyer, Chris | ||
| 110 | _aBuilding Research Establishment | ||
| 245 | _aRadon sump systems : a BRE guide to radon remedial measures in existing buildings. | ||
| 250 | _a2nd ed. | ||
| 260 |
_aLondon _bCRC Ltd. _b1998 |
||
| 300 |
_aii,13p. _bill _c30cm. |
||
| 350 | _a20.00 | ||
| 490 |
_aBR _v227 |
||
| 650 | _aRADON | ||
| 650 | _aRADON GAS | ||
| 650 | _aRADON PROTECTION MEASURES | ||
| 650 | _aRADON RISK AREAS | ||
| 650 | _aRADON SUMPS | ||
| 650 | _aREMEDIAL TREATMENT | ||
| 650 | _aREMEDIAL WORKS | ||
| 690 | _aBUILT ENVIRONMENT | ||
| 942 | _n0 | ||
| 999 |
_c101300 _d101300 |
||